Стресс: причины, последствия, преодоление

Detaylı Bibliyografya
Yazar: Полякова О. Н. Ольга Николаевна
Diğer Yazarlar: Батуев А. С. (редактор)
Özet:Книга представляет собой развернутый рассказ о стрессе, включающий схемы и рисунки, что облегчает восприятие информации. Стресс рассматривается как нормальная реакция нашего организма на требования среды, позволяющая адекватно реагировать на возникающие проблемы и успешно адаптироваться. Особое внимание уделено вопросу диагностики стрессорного состояния организма, необходимой для выявления той грани, что разделяет в стрессовой реакции норму от патологии.Книга может стать полезным пособием для психологов, физиологов, медиков, социологов, а также студентов и всех, кого интересует проблема стресса.
Dil:Rusça
Baskı/Yayın Bilgisi: СПб., Речь, 2008
Seri Bilgileri:Все будет хорошо!
Konular:
Materyal Türü: MixedMaterials Kitap
KOHA link:https://koha.lib.tpu.ru/cgi-bin/koha/opac-detail.pl?biblionumber=152989

MARC

LEADER 00000nam0a2200000 4500
001 152989
005 20231101221648.0
010 |a 5926807158  |b 4000 экз. 
021 |a RU  |b 08-47182  |9 08-2606 
035 |a (RuTPU)RU\TPU\book\165882 
090 |a 152989 
100 |a 20080808d2008 km y0rusy5002 ca 
101 0 |a rus 
102 |a RU 
105 |a a z 001zy 
200 1 |a Стресс: причины, последствия, преодоление  |f О. Н. Полякова  |g под ред. А. С. Батуева 
210 |a СПб.  |c Речь  |d 2008 
215 |a 141 с.  |c ил.  |d 24 см. 
225 1 |a Все будет хорошо! 
320 |a Библиогр.: с. 137-141. 
330 |a Книга представляет собой развернутый рассказ о стрессе, включающий схемы и рисунки, что облегчает восприятие информации. Стресс рассматривается как нормальная реакция нашего организма на требования среды, позволяющая адекватно реагировать на возникающие проблемы и успешно адаптироваться. Особое внимание уделено вопросу диагностики стрессорного состояния организма, необходимой для выявления той грани, что разделяет в стрессовой реакции норму от патологии.Книга может стать полезным пособием для психологов, физиологов, медиков, социологов, а также студентов и всех, кого интересует проблема стресса. 
606 1 |a Стресс  |x Психология  |2 stltpush  |3 (RuTPU)RU\TPU\subj\57217  |9 75080 
610 1 |a эмоциональные состояния 
610 1 |a физиология 
610 1 |a нервные клетки 
610 1 |a психосоматические заболевания 
610 1 |a страх 
610 1 |a тревожность 
610 1 |a физический стресс 
610 1 |a эмоциональный стресс 
610 1 |a стресс-реакции 
610 1 |a диагностика 
610 1 |a терапия 
610 1 |a стрессовые состояния 
686 |a Ю935.2  |v LBC/SL-A  |2 rubbk 
700 1 |a Полякова  |b О. Н.  |g Ольга Николаевна  |4 070 
702 1 |a Батуев  |b А. С.  |4 340 
801 1 |a RU  |b 63413507  |c 20090206  |g PSBO 
801 2 |a RU  |b 63413507  |c 20150618  |g PSBO 
942 |c BK 
959 |a 18/20090203  |d 2  |e 144,00  |f ЧЗГЛ:1  |f АНЛ:1